| 000 | 01576nam a2200385 a 4500 | ||
|---|---|---|---|
| 001 | 3511519 | ||
| 003 | ARRUPE | ||
| 005 | 20160322101847.0 | ||
| 008 | 940804s1994 gw a b 100 0 eng d | ||
| 010 | _a 95126936 | ||
| 020 | _a3927510289 (pbk) | ||
| 020 | _a3927510238 (cloth) | ||
| 035 | _a(OCoLC)30881945 | ||
| 040 |
_aIEN _cIEN _dDLC |
||
| 041 | 0 | _aengnic | |
| 042 | _alccopycat | ||
| 043 | _af------ | ||
| 050 | 0 | 0 |
_aPR9340 _b.T374 |
| 100 |
_aBreitinger, Eckhard (ed.) _923035 |
||
| 245 | 0 | 0 |
_aTheatre and performance in Africa : _bintercultural perspectives / _cEckhard Breitinger, ed. |
| 260 |
_aBayreuth, Germany : _bBayreuth University, _cc1994. |
||
| 300 |
_a216 p.; _bill. ; _c21 cm. |
||
| 440 | 0 |
_aYearbook of the Association for the Study of the New Literatures in English ; _vBd. 4 _923036 |
|
| 490 | 1 |
_aBayreuth African studies, _x0178-0034 ; _v31 |
|
| 500 | _aSelected papers from a conference held at Bayreuth University in June 1992, sponsored by the Association for the Study of the New Literatures in English. | ||
| 504 | _aIncludes bibliographical references. | ||
| 546 | _aEnglish, Akpa, and Idoma. | ||
| 650 | 0 |
_aTheater, Africa _xHistory and criticism _923037 |
|
| 700 | 1 |
_aBreitinger, Eckhard. _923035 |
|
| 710 | 2 |
_aGesellschaft für die Neuen Englischsprachigen Literaturen. _923038 |
|
| 830 | 0 |
_aBayreuth African studies series ; _v31. _923039 |
|
| 906 |
_a7 _bcbc _ccopycat _d3 _encip _f19 _gy-gencatlg |
||
| 942 |
_2lcc _cMONOGRAPH |
||
| 999 |
_c124402 _d124402 |
||